random things nobody cares about - Statistics

General Stats
  • This quiz has been taken 21 times
  • The average score is 14 of 31
Answer Stats
Hint Answer % Correct
Capital of Peru Lima
81%
Two eastern European countries, which were joined in a state union between 2003 and 2006 after the breakup of the Federal Republic of Yugoslavia (FRY). Both are now independent countries. Serbia | Montenegro
81%
Country in Africa formerly known as Zaire Democratic Republic of the Congo
69%
Capital of Malaysia Kuala Lumpur
69%
Capital of Estonia Tallinn
69%
Chinese river that used to have pink dolphins (thought to be extinct since 2006) Yangtze
69%
Name of the French island territory north of Sardinia Corsica
63%
White material made from dentine, found in tusks of animals like elephants Ivory
63%
Capital of Ghana Accra
56%
Judicial capital of South Africa Bloemfontein
56%
River in Germany beginning with E that runs through Dresden Elbe
56%
Austrian neurologist, whose main ideas include theories around psychosexual development and the unconscious Freud
56%
Peninsula comprising of Spain, Portugal, Gibraltar, France and Andorra Iberian
56%
Author of The Art of War Sun Tzu
56%
Varieties of this fruit include Bramley, Jazz, and Fuji Apple
50%
Largest city that lies on the Pearl River Guangzhou
50%
Founder of the Impressionist art movement, born in 1840 and died in 1926. Monet
50%
Angle less than 90 degrees Acute
44%
Which region of France contains the city Caen Normandy
44%
Former name of Yangon (largest city in Myanmar) Rangoon
44%
Capital city that lies along the Spree river Berlin
38%
Bonding between 2 non-metals that involves the sharing of valence electrons Covalent
25%
A recurring villain in the Legend of Zelda videogame series, a reincarnated form of the demon king Demise who first appears as a Gerudo King in Ocarina of Time. Ganondorf
19%
Dwarf planets with double names in our solar system Gonggong | Makemake
19%
Korean instant messaging app, similar to WeChat KakaoTalk
19%
Three triforce values (in the Legend of Zelda videogame series) Power | Wisdom | Courage
19%
茶 in English Tea
19%
“Socks” in spanish Calcetines
13%
Largest region of France, runs along Bay of Biscay Aquitaine
6%
Original terminus of the Jubilee Line (on the London Underground) Charing Cross
6%
Which London Underground line used to terminate at Charing Cross (until 1999) Jubilee
6%
No matching quizzes found
Score Distribution
Percent of People with Each Score
Percentile by Number Answered
Your Score History
You have not taken this quiz